000
00286nam a2200121Ia 4500
100
_a
Balagurusamy/E.
942
_c
BK
654
_a
Programming With C++
245
_a
Object oriented programming With C++
260
_b
Tata McGraw Hill
_a
New Delhi.
300
_a
533
546
_a
ENGLISH
999
_c
22125
_d
22125